| 000 | 01150nam a2200373Ma 4500 | ||
|---|---|---|---|
| 001 | 54020 | ||
| 005 | 20230411085934.0 | ||
| 008 | 761210s1975 nyu b 001 0 eng d | ||
| 035 | _a(OCoLC)ocn185671744 | ||
| 040 |
_aS3O _bswe _cS3O |
||
| 020 | _a027509040X (inb.) ; | ||
| 020 | _a9780275090401 (inb.) | ||
| 020 | _a0275888401 (hft.) | ||
| 020 | _a9780275888404 (hft.) | ||
| 035 | _a(OCoLC)185671744 | ||
| 082 | _a327.73 | ||
| 084 |
_aKqa.55 _2kssb/5 |
||
| 084 |
_aP.08-qa _2kssb/5 |
||
| 049 | _aGRAL | ||
| 050 | 1 | 4 | _aE56e 1975 |
| 245 | 0 | 4 |
_aThe energy crisis and U.S. foreign policy / _cedited by Joseph S. Szyliowicz, Bard E. O'Neill. |
| 260 |
_aNew York : _bPraeger, _c1975. |
||
| 300 |
_axv, 258 s. : _btab. ; _c25 cm. |
||
| 440 | 0 |
_aPraeger special studies in international politics and government, _x99-0102906-6 |
|
| 650 | 0 | _aEnergy policy. | |
| 650 | 0 | _aPetroleum industry and trade. | |
| 650 | 4 | _aEnergifèorsèorjning. Fèorenta staterna. | |
| 651 | 0 | _aUnited States. | |
| 700 | 1 |
_aSzyliowicz, Joseph S. _4oth |
|
| 700 | 1 |
_aO'Neill, Bard. _4oth |
|
| 942 |
_2lcc _cbk |
||
| 994 |
_aC0 _bDRFGD |
||
| 946 | _aLspaulino | ||
| 999 |
_c109650 _d109650 |
||